| 000 | 02287nam a2200409 c 4500 | ||
|---|---|---|---|
| 003 | BLK | ||
| 005 | 20241021101915.0 | ||
| 008 | 180411b bul|||||r ||||||| ||bul|| | ||
| 010 | _aKNG00174743000 | ||
| 040 | _aBLK | ||
| 041 |
_aBUL _cBUL |
||
| 080 |
_aБългарска литература _b821.163.2 _x(081) _z821.163.2(081) |
||
| 080 |
_aБългарска литература _b821.163.2 _x-8 _z821.163.2-8 |
||
| 080 |
_aЛитературна критика _b82.09 _z82.09 |
||
| 100 |
_aДрумев, Васил Николов _cКлимент, епископ Браницки; Климент, митрополит Търновски; Климент Браницкий, митрополит Търновски; Климент Търновски, митрополит _d1841-1901 _gПисател, висш духовник, полит. деец, митрополит, викарий, общественик, учредител на Бълг. книж. дружество _9366760 |
||
| 139 |
_aДрумев, Васил Николов _bД 91 |
||
| 245 | 1 | 0 |
_aСъчинения _bВ 2 т. _cВасил Николов Друмев; предг. и ред. Дочо Николов Леков; под ред. на Иван Сестримски. _nТ. 2 _pКритика. Публицистика. Речи. Писма |
| 257 | _aBGR | ||
| 260 |
_aСофия _bБълг. писател _c1967-1968 |
||
| 300 |
_a680 с., 3 л. портр., ил., 2 л. факс. _c25 см |
||
| 380 | _aX | ||
| 653 | _aбългарска литература | ||
| 653 | _aкритика | ||
| 653 | _aпублицистика | ||
| 653 | _aписма | ||
| 653 | _aречи | ||
| 700 | 1 |
_aЛеков, Дочо Николов _eпредг. и ред. _9363707 |
|
| 700 | 1 |
_aСестримски, Иван _eпод ред. на _9363551 |
|
| 760 | 1 |
_aДрумев, Васил Николов _d1968 _h680 с., 3 л. портр., ил., 2 л. факс. _n10 100 тир. _tТ. 2 Критика. Публицистика. Речи. Писма |
|
| 852 | _aЦб 46589 | ||
| 856 | 4 | _qpdf | |
| 856 | 4 | _qpdf | |
| 942 |
_cKNG _n0 |
||
| 944 |
_aCR _c28.04.2015 _lРадостина Карадакова _k30534 |
||
| 944 |
_aED _c16.02.2018 _l28.04.2015 - от С1,Р / 28.04.2015 |
||
| 999 |
_c166975 _d166975 |
||
| 999 | _d166975 | ||